[Event "Challenge"]
[Site "http://www.queenalice.com/game.php?id=315479"]
[Date "2007.12.5"]
[Round "-"]
[White "sheridan"]
[Black "Stewart_The_Great"]
[Result "1-0"]
[WhiteElo "1835"]
[BlackElo "1518"]

1. e4 e5 2. Nf3 Nf6 3. Nc3 c6 4. d4 Ng4 5. h3 Nf6 6. dxe5 Bb4 7. exf6 Qxf6 8.
Bd2 d5 9. exd5 O-O 10. Be2 Re8 11. O-O Qg6 12. Bd3 Bxh3 13. Bxg6 fxg6 14. gxh3
cxd5 15. Nxd5 Nc6 16. Nxb4 a5 17. Nxc6 bxc6 18. Bc3 Rad8 19. Qc1 Re2 20. Qf4 Rf8
21. Qc4+ Re6 22. Qxe6+ Rf7 23. Ng5 Kf8 24. Qxf7# 1-0

[Event "Challenge"]
[Site "http://www.queenalice.com/game.php?id=315480"]
[Date "2007.12.5"]
[Round "-"]
[White "erbekjas"]
[Black "sheridan"]
[Result "0-1"]
[WhiteElo "1700"]
[BlackElo "2062"]

1. c4 e5 2. e4 Bc5 3. Nc3 d6 4. Nd5 c6 5. Nc3 Nf6 6. h3 O-O 7. Nf3 Re8 8. Na4
Nxe4 9. Nxc5 Nxc5 10. b4 e4 11. Nd4 Nd3+ 12. Bxd3 exd3+ 13. Kf1 Qf6 14. Bb2 c5
15. bxc5 dxc5 16. Nb5 Qxb2 17. Nc7 Re2 18. Nxa8 Rxd2 19. Qe1 Re2 20. Qd1 Rxf2+
21. Ke1 Rxg2 22. Rf1 Re2+ 0-1

[Event "Challenge"]
[Site "http://www.queenalice.com/game.php?id=315482"]
[Date "2007.12.5"]
[Round "-"]
[White "biano"]
[Black "sheridan"]
[Result "0-1"]
[WhiteElo "1928"]
[BlackElo "1966"]

1. e4 e5 2. Nf3 Nc6 3. Bb5 a6 4. Ba4 Nf6 5. O-O Nxe4 6. Bxc6 dxc6 7. Qe2 Nf6 8.
Nxe5 Be7 9. d3 c5 10. Nc3 O-O 11. Be3 Bd6 12. Nc4 Re8 13. Qd2 b5 14. Nxd6 Qxd6
15. Rad1 Bb7 16. Bf4 Qc6 17. f3 b4 18. Ne4 Nd5 19. Bg3 f5 20. Ng5 Ne3 0-1

[Event "Let's Play Chess!"]
[Site "http://www.queenalice.com/game.php?id=315500"]
[Date "2007.12.5"]
[Round "-"]
[White "sheridan"]
[Black "spawnwolfwolverine"]
[Result "1-0"]
[WhiteElo "2006"]
[BlackElo "1685"]

1. e4 e5 2. Nf3 d6 3. d4 exd4 4. Nxd4 Be7 5. c4 b6 6. Be2 Bb7 7. Nc3 c5 8. Nf5
Bf6 9. Nxd6+ Qxd6 10. Qxd6 Bxc3+ 11. bxc3 Nc6 12. Qc7 Rb8 13. Bf4 Nge7 14. Bd6
a5 15. Bxe7 Nxe7 16. Qxb8+ Nc8 17. Qxb7 O-O 18. O-O Nd6 19. Qd5 Ne8 20. e5 g6
21. f4 Ng7 22. Bd3 Ne6 23. f5 Ng5 24. h4 Nf3+ 25. Rxf3 gxf5 26. Qd6 h5 27. Qf6
f4 28. Qg5+ Kh8 29. Qh6+ Kg8 30. Qh7# 1-0

[Event "Challenge"]
[Site "http://www.queenalice.com/game.php?id=315565"]
[Date "2007.12.5"]
[Round "-"]
[White "charles31"]
[Black "sheridan"]
[Result "0-1"]
[WhiteElo "1787"]
[BlackElo "1854"]

1. e4 e6 2. d4 d5 3. e5 c5 4. dxc5 Bxc5 5. Nf3 Nc6 6. Bb5 Qb6 7. Bxc6+ bxc6 8.
Qe2 Ba6 9. Qd2 Nh6 10. h3 O-O 11. b3 f6 12. Qf4 Bxf2+ 13. Kd1 Nf5 14. c3 fxe5
15. Qxe5 Rae8 16. Nd4 Nxd4 17. cxd4 Bxd4 18. Qg3 Bxa1 19. Bh6 Rf2 20. Be3 Bd4
21. Bxf2 Bxf2 22. Qc3 Qd4+ 23. Qxd4 Bxd4 24. Nd2 e5 25. a4 e4 26. g4 Bc3 27. Kc2
Bxd2 28. Kxd2 d4 29. b4 e3+ 30. Ke1 d3 31. Rg1 Bc4 32. Kd1 Bb3+ 33. Ke1 d2+ 34.
Ke2 d1=Q+ 35. Rxd1 Bxd1+ 36. Kxd1 e2+ 37. Ke1 Kf7 0-1

[Event "Challenge"]
[Site "http://www.queenalice.com/game.php?id=315566"]
[Date "2007.12.5"]
[Round "-"]
[White "RationalKing"]
[Black "sheridan"]
[Result "0-1"]
[WhiteElo "2012"]
[BlackElo "2030"]

1. e4 e5 2. Nc3 Nc6 3. f4 exf4 4. Nf3 g5 5. h4 g4 6. Ng5 d6 7. Bc4 Ne5 8. Bb3 h6
9. d4 hxg5 10. dxe5 dxe5 11. Qxd8+ Kxd8 12. Bxf7 Rxh4 13. Rxh4 gxh4 14. Bxg8 g3
15. Bd2 h3 16. O-O-O Bg4 17. Rg1 h2 18. Re1 Bc5 19. Rh1 Bf3 0-1

[Event "Challenge"]
[Site "http://www.queenalice.com/game.php?id=315567"]
[Date "2007.12.5"]
[Round "-"]
[White "sheridan"]
[Black "mandacaru"]
[Result "1-0"]
[WhiteElo "1500"]
[BlackElo "1537"]

1. e4 e5 2. Nf3 d6 3. d4 exd4 4. Nxd4 Nf6 5. Bd3 d5 6. e5 Qe7 7. O-O Qxe5 8. Re1
Ne4 9. Nc3 Bd6 10. Bxe4 Qxh2+ 11. Kf1 dxe4 12. Rxe4+ Be6 13. Nxe6 fxe6 14. Rxe6+
Kd7 15. Qg4 g6 16. Rxg6+ Kd8 17. Bg5+ Ke8 18. Qe6+ Kf8 19. Rf6+ Kg7 20. Qf7# 1-0

[Event "AUTO-OPEN-926"]
[Site "http://www.queenalice.com/game.php?id=316006"]
[Date "2007.12.6"]
[Round "1"]
[White "jsiebel"]
[Black "sheridan"]
[Result "0-1"]
[WhiteElo "1539"]
[BlackElo "2069"]

1. Nf3 d5 2. g3 Nf6 3. Bg2 c5 4. d4 e6 5. O-O Nc6 6. dxc5 Bxc5 7. Be3 Bxe3 8.
fxe3 Qb6 9. Qd2 Ne4 10. Qd3 Qxb2 11. Na3 O-O 12. Rfb1 Qc3 13. Qxc3 Nxc3 14. Re1
a6 15. Nd2 b5 16. e4 dxe4 17. Nxe4 Nxe4 18. Bxe4 Bb7 19. Rad1 Rfd8 20. Rxd8+
Rxd8 21. c4 b4 22. Nc2 a5 23. h4 Rd7 24. g4 Ne5 25. Bxb7 Rxb7 26. Rd1 f6 27.
Rd8+ Kf7 28. g5 Nxc4 29. gxf6 gxf6 30. Nd4 a4 31. h5 b3 32. axb3 axb3 33. Nxb3
Rxb3 34. Rd7+ Kg8 35. h6 Ne5 36. Rg7+ Kf8 37. Rxh7 Rh3 38. Rh8+ Kf7 39. Kg2 Rh5
40. Kg3 Kg6 41. h7 Rxh7 42. Rg8+ Kf5 43. e3 Rh5 44. Rd8 Ke4 45. Rd4+ Kxe3 46.
Rd6 Rg5+ 47. Kh4 Kf4 48. Rxe6 Rg4+ 49. Kh5 Rg5+ 50. Kh4 Nf3+ 51. Kh3 Rg3# 0-1

[Event "AUTO-OPEN-926"]
[Site "http://www.queenalice.com/game.php?id=316007"]
[Date "2007.12.6"]
[Round "1"]
[White "sheridan"]
[Black "jsiebel"]
[Result "1-0"]
[WhiteElo "1851"]
[BlackElo "1470"]

1. e4 Nc6 2. Nf3 b6 3. Nc3 e5 4. d4 d6 5. Bc4 exd4 6. Nxd4 Na5 7. Bxf7+ Kxf7 8.
Qh5+ g6 9. Qd5+ Kg7 10. Qxa8 c5 11. Ne6+ Bxe6 12. Qxd8 Nc6 13. Qc7+ Nge7 14. Nd5
Bxd5 15. exd5 Ne5 16. Bg5 Kf7 17. Qxd6 Ng4 18. Qe6+ Kg7 19. Bxe7 Bxe7 20. Qxe7+
Kh6 21. Qh4+ Kg7 22. Qxg4 Re8+ 23. Kd2 h5 24. Qd7+ Kf8 25. Rae1 Ra8 26. Re6 a5
27. Rxg6 b5 28. Rg7 c4 29. Qe7# 1-0

[Event "282"]
[Site "http://www.queenalice.com/game.php?id=316236"]
[Date "2007.12.6"]
[Round "-"]
[White "sheridan"]
[Black "phystutordotcom"]
[Result "1-0"]
[WhiteElo "1902"]
[BlackElo "2013"]

1. e4 g6 2. d4 Bg7 3. f4 c6 4. Nf3 d5 5. Nbd2 dxe4 6. Nxe4 Bg4 7. c3 Nd7 8. Bc4
Ngf6 9. Nxf6+ Nxf6 10. Bxf7+ Kxf7 11. Ne5+ Kf8 12. Nxg4 Nd5 13. O-O Qd7 14. Ne5
Bxe5 15. fxe5+ Kg7 16. Qb3 Rhf8 17. Bd2 b6 18. c4 Nc7 19. Bc3 e6 20. Rad1 Rf5
21. Rxf5 gxf5 22. Qa3 c5 23. d5 Kf7 24. Qb3 Re8 25. dxe6+ Qxe6 26. Rd6 Qc8 27.
Qd1 1-0

[Event "Let's Play Chess!"]
[Site "http://www.queenalice.com/game.php?id=316537"]
[Date "2007.12.7"]
[Round "-"]
[White "sheridan"]
[Black "paddymalonespub"]
[Result "1-0"]
[WhiteElo "2065"]
[BlackElo "1693"]

1. e4 e5 2. Nf3 d6 3. d4 Bg4 4. dxe5 Nc6 5. exd6 Bxd6 6. Bb5 a6 7. Bxc6+ bxc6 8.
O-O Ne7 9. h3 Bxf3 10. Qxf3 O-O 11. Rd1 Ng6 12. Qc3 Bh2+ 13. Kxh2 Qxd1 14. Nd2
Qh5 15. b3 Ne5 16. Bb2 f6 17. f4 Ng4+ 18. Kg1 Nh6 19. Qxc6 Qe2 20. Qc4+ Qxc4 21.
Nxc4 f5 22. e5 Rad8 23. Re1 Nf7 24. e6 Rde8 25. exf7+ Kxf7 26. Ne5+ Kg8 27. Ba3
Rf6 28. Rd1 Rfe6 29. Rd7 h6 30. Rxc7 Kh7 31. Kf2 Rb6 32. Nd7 Rbe6 33. Nf8+ Kg8
34. Nxe6 Rxe6 35. Bb2 Rg6 36. c4 Rd6 37. Rxg7+ 1-0

[Event "X-Chessman"]
[Site "http://www.queenalice.com/game.php?id=320206"]
[Date "2007.12.14"]
[Round "1"]
[White "petri"]
[Black "sheridan"]
[Result "1-0"]
[WhiteElo "1821"]
[BlackElo "2069"]

1. Nf3 d5 2. c4 e6 3. d4 Nf6 4. g3 c6 5. Bg2 Bb4+ 6. Bd2 Be7 7. Qc2 O-O 8. O-O
b6 9. b3 Nbd7 10. Rd1 Ba6 11. Bf4 Rc8 12. Nc3 c5 13. cxd5 cxd4 14. Nxd4 Nxd5 15.
Bxd5 exd5 16. Qb2 Nc5 17. Be5 Qd7 18. Bxg7 Kxg7 19. Nxd5 f6 20. Nxe7 Qh3 21.
Ndf5+ Kh8 22. Nxc8 Bxc8 23. Qxf6+ 1-0

[Event "Challenge"]
[Site "http://www.queenalice.com/game.php?id=339244"]
[Date "2008.1.19"]
[Round "-"]
[White "Pero_Motta"]
[Black "sheridan"]
[Result "1-0"]
[WhiteElo "2140"]
[BlackElo "1936"]

1. e4 e5 2. Nf3 Nc6 3. Nc3 Nf6 4. Bc4 Bb4 5. d3 O-O 6. O-O Bxc3 7. bxc3 d5 8.
exd5 Nxd5 9. Bb2 Bg4 10. h3 Bh5 11. g4 Bg6 12. Re1 Nf4 13. Kh2 Qd6 14. Bc1 Nxd3
15. cxd3 e4+ 16. Kh1 1-0